| 000 | 01530cab a2200349 4500 | ||
|---|---|---|---|
| 001 | ABS37308 | ||
| 008 | 090401t1987 xxu||||| |||| 00| 0 eng d | ||
| 035 | _a(Sirsi) u3648 | ||
| 041 | _aeng | ||
| 100 | _aMadge, N. | ||
| 245 | _aStatutory tenants and occupation as a residence | ||
| 260 | _c1987 | ||
| 350 | _a0 | ||
| 490 |
_aLaw Society`s Gazette _v84 (1) 7 January 1987, 22-26 (3) |
||
| 520 | _aDiscusses the position of statutory tenants in relation to the protection afforded by the Rent Acts . Explains why it is necessary for the statutory tenant to occupy the premises "as his or her residence" on a continuous basis if protection is to be maintained. Outlines the general principles of the Rent Act 1977 , using case law to illustrate whether a tenant does occupy premises as his or her residence. Also looks at for how long a tenant may be temporarily absent, occupation through other people and residence in two homes | ||
| 650 | _aCONTRACTUAL TENANCY | ||
| 650 | _aCRONAN | ||
| 650 | _aEYRE V | ||
| 650 | _aGREEN | ||
| 650 | _aHALL | ||
| 650 | _aHAMPSTEAD WAY INVESTMENTS V | ||
| 650 | _aLEWIS WEARE | ||
| 650 | _aMETROPOLITAN PROPERTY CO LTD V | ||
| 650 | _aPOSSESSION | ||
| 650 | _aREGALIAN PROPERTIES V | ||
| 650 | _aPROPERTY-RESIDENTIAL PROPERTY-RESIDENTIAL LANDLORD AND TENANT-RESIDENTIAL TENANCIES | ||
| 650 | _aRICHARDS V | ||
| 650 | _aSCHEUER | ||
| 690 | _aPROPERTY-RESIDENTIAL PROPERTY-RESIDENTIAL LANDLORD AND TENANT-RESIDENTIAL TENANCIES | ||
| 942 | _n0 | ||
| 948 | _c04/03/1997 | ||
| 999 |
_c2239 _d2239 |
||